000 00915nam a2200205 a 4500
001 000047149
005 20201002053410.0
008 180417s2017 dr abc 000 0 spa d
020 _a9789945124262
040 _aDO-SdBNP
_bspa
_cBNPHU
082 _axxxx
_bM538c
100 1 _aMéndez R., Maritza
_974936
245 1 0 _aCiencias sociales 1 :
_bsecundaria /
_cMaritza Méndez R.
260 _aSanto Domingo :
_bSusaeta,
_c2017.
300 _a208 p. :
_bil., retrs. ;
_c29 cm.
504 _aBibliografía : p. 208
505 0 _aLa geografía su importancia --
_tLas revoluciones burguesas los procesos económicos y políticos del mundo --
_tExpansión colonial europea --
_tSurgimiento del nacionalismo en Europa --
_tLa isla de Santo Domingo en el siglo XIX --
_tLos derechos humanos: base para la constitución de las naciones.
500 _aEnfoque por competencias nuevo currículo
590 _aInventariado, 2018/LP
999 _c46637
_d46637